000 00418nam a2200145Ia 4500
008 231217s9999 xx 000 0 und d
041 _aEnglish
082 _a001.642 GOD
100 _aGodbole, Achyut S
245 0 _aOperating systems: With case studies in Unix netware Windows NT
260 _c1996
_bNew Delhi : TMH,
300 _axvii+722
650 _aOperating systems Unix netware Windows NT
942 _cAA
999 _c166019
_d166019